Historia del Mundo Contemporáneo 1: Bachillerato

Gespeichert in:
Bibliographische Detailangaben
Hauptverfasser: Prats Cuevas, Joaquim (VerfasserIn), Castelló Traver, José Emilio (VerfasserIn), Forcadell Alvarez, Carlos (VerfasserIn), García Abadía, María Camino (VerfasserIn), Izuzquiza Otero, Ignacio (VerfasserIn), Loste Rodríguez, María Antonia (VerfasserIn)
Format: Buch
Sprache:Spanisch
Veröffentlicht: Madrid, España Anaya 2002
Schriftenreihe:Andalucía
Schlagworte:
Tags: Tag hinzufügen
Keine Tags, Fügen Sie den ersten Tag hinzu!

MARC

LEADER 00000nam a2200000 a 4500
001 UCK4127
003 CL-VaPUC
005 20231109073939.0
008 050520e20020000SP |||||||||||||||||spa|d
999 |c 313083  |d 313081 
020 |a 846671250X 
040 |c Pontificia Universidad Católica de Valparaíso 
082 0 4 |a 909.0712 PRA 2002  |2 21 
100 0 |a Prats Cuevas, Joaquim  |e author  |9 492536 
245 1 0 |a Historia del Mundo Contemporáneo 1:  |b  Bachillerato 
260 |a Madrid, España  |b Anaya  |c 2002 
300 |a 432 páginas 
490 0 |a Andalucía 
500 |a Incluye CD-Rom 
500 |a Incluye cronología del mundo contemporanéo 
500 |a Incluye diccionario histórico abreviado 
583 |a last modification  |c 20120301 11:34:38  |k Rodrigo Vera 
650 0 |a Historia universal  |9 266877 
650 7 |a EPOCA CONTEMPORANEA  |2 CL-VaPUC  |9 392007 
650 0 |a Enseñanza de la historia   |9 307330 
700 0 |a Castelló Traver, José Emilio  |e author  |9 492537 
700 0 |a Forcadell Alvarez, Carlos  |e author  |9 492538 
700 0 |a García Abadía, María Camino  |e author  |9 492539 
700 |a Izuzquiza Otero, Ignacio  |e author  |9 492540 
700 0 |a Loste Rodríguez, María Antonia  |e author  |9 492541 
942 |c BK  |2 ddc 
945 |d 20050520 00:00:00  |a cmena 
952 |0 0  |1 0  |2 ddc  |4 0  |6 909_071200000000000_PRA_2002  |7 0  |8 A  |9 384171  |a BIBHIS  |b BIBHIS  |d 2019-11-22  |i 4116607  |o 909.0712 PRA 2002  |p 4116607  |r 2025-01-20  |t 1  |w 2019-11-22  |y BK  |k HIS